00000000cam 2200000zi 4500
0019.960595
003CaOODSP
00520260514155930
006m     o  d f      
007cr cn ||||||||
008260304e202604  oncbd   ob   f000 0 fre d
020 |a9780660987811
040 |aCaOODSP|bfre|erda|cCaOODSP
043 |an-cnm--|an-cn-qu|aln-----
0861 |aFs70-5/2026-024F-PDF
1001 |aSurette, Tobie, |eauteur.
24510|aÉvaluation du stock de crabe des neiges (Chionoecetes opilio) dans le sud du golfe du Saint-Laurent (ZPC 12, 12E, 12F et 19) en 2025 / |cTobie Surette et Joël Chassé.
264 1|aOttawa (Ontario) : |bSecrétariat canadien de consultation scientifique, |cavril 2026.
264 4|c©2026
300 |a1 ressource en ligne (v, 40 pages) : |bcartes, graphiques.
336 |atexte|btxt|2rdacontent/fre
337 |ainformatique|bc|2rdamedia/fre
338 |aressource en ligne|bcr|2rdacarrier/fre
4901 |aDocument de recherche, |x2292-4272 ; |v2026/024
500 |aPublié aussi en anglais sous le titre : Southern Gulf of St. Lawrence (CFAs 12, 12E, 12F and 19) snow crab (Chionoecetes opilio) stock assessment in 2025.
504 |aComprend des références bibliographiques (pages 15-16).
650 6|aCrabe des neiges|zSaint-Laurent, Golfe du.
650 6|aCrabe des neiges|xPêche commerciale|zSaint-Laurent, Golfe du.
650 6|aRessources halieutiques|xÉvaluation|zSaint-Laurent, Golfe du.
7101 |aCanada. |bMinistère des pêches et des océans. |bRégion du golfe, |eorganisme de publication.
7102 |aSecrétariat canadien de consultation scientifique, |eorganisme de publication.
77508|tSouthern Gulf of St. Lawrence (CFAs 12, 12E, 12F and 19) snow crab (Chionoecetes opilio) stock assessment in 2025 / |w(CaOODSP)9.960596
830#0|aDocument de recherche (Secrétariat canadien de consultation scientifique)|v2026/024.|w(CaOODSP)9.503788
85640|qPDF|s19.0 Mo|uhttps://publications.gc.ca/collections/collection_2026/mpo-dfo/fs70-5/Fs70-5-2026-024-fra.pdf